| 000 | 00916nam a2200265Ia 4500 | ||
|---|---|---|---|
| 008 | 160319s9999 xx 000 0 und d | ||
| 245 | _aGenetics / | ||
| 245 | _cDiscovery Channel School ; produced by Linda Duvoisin ; produced by Roundabout Productions, Inc. for the Learning Channel. | ||
| 260 | _aPhilippines: | ||
| 260 | _bDistributed by Magnavision Home Video. | ||
| 260 | _c2004 | ||
| 300 | _a1 videodisc (approximately 26 minutes) : | ||
| 300 | _bsound, color ; | ||
| 300 | _c4 3/4 in. | ||
| 440 | _aDiscovery Channel School. | ||
| 650 | _aBiology -- | ||
| 650 | _aFilms for the hearing impaired. | ||
| 650 | _aGenetics -- | ||
| 650 | _xStudy and teaching (Secondary) | ||
| 650 | _xStudy and teaching (Secondary) | ||
| 700 | _aDiscover magazine, title. | ||
| 700 | _aDiscovery Channel School. (Firm) | ||
| 700 | _aMagnavision Home Video. | ||
| 700 | _aRoundabout Productions, Inc. | ||
| 999 |
_c292430 _d292430 |
||